Newsmakers: (Record no. 14654)
[ view plain ]
| 000 -LEADER | |
|---|---|
| fixed length control field | 00902pam a2200313 4500 |
| 001 - CONTROL NUMBER | |
| control field | 1251983 |
| 005 - DATE AND TIME OF LATEST TRANSACTION | |
| control field | 20170105102901.0 |
| 008 - FIXED-LENGTH DATA ELEMENTS--GENERAL INFORMATION | |
| fixed length control field | 731023s1974 maua j 001 0 eng |
| 010 ## - LIBRARY OF CONGRESS CONTROL NUMBER | |
| LC control number | 73018264 |
| 020 ## - INTERNATIONAL STANDARD BOOK NUMBER | |
| International Standard Book Number | 0787680818 |
| 040 ## - CATALOGING SOURCE | |
| Original cataloging agency | DLC |
| Transcribing agency | DLC |
| Modifying agency | DLC |
| 042 ## - AUTHENTICATION CODE | |
| Authentication code | lcac |
| 043 ## - GEOGRAPHIC AREA CODE | |
| Geographic area code | n-us--- |
| 050 00 - LIBRARY OF CONGRESS CALL NUMBER | |
| Classification number | PN4745 |
| Item number | .S6 |
| 082 00 - DEWEY DECIMAL CLASSIFICATION NUMBER | |
| Classification number | 070.4/49/32 |
| 100 1# - MAIN ENTRY--PERSONAL NAME | |
| Personal name | Avery, Laura, |
| Dates associated with a name | 1927- |
| 245 10 - TITLE STATEMENT | |
| Title | Newsmakers: |
| Remainder of title | The people behind today's headlines |
| Statement of responsibility, etc. | [by] Laura Avery |
| 260 ## - PUBLICATION, DISTRIBUTION, ETC. | |
| Place of publication, distribution, etc. | [Reading, Mass.] |
| Name of publisher, distributor, etc. | Addison-Wesley |
| Date of publication, distribution, etc. | [2006] |
| 300 ## - PHYSICAL DESCRIPTION | |
| Extent | 706 p. |
| Other physical details | illus. |
| Dimensions | 21 cm. |
| 500 ## - GENERAL NOTE | |
| General note | "An Addisonian Press book." |
| 650 #0 - SUBJECT ADDED ENTRY--TOPICAL TERM | |
| Topical term or geographic name entry element | Government and the press |
| Geographic subdivision | United States |
| 650 #0 - SUBJECT ADDED ENTRY--TOPICAL TERM | |
| Topical term or geographic name entry element | Presidents |
| 650 #1 - SUBJECT ADDED ENTRY--TOPICAL TERM | |
| Topical term or geographic name entry element | Government and the press. |
| 650 #1 - SUBJECT ADDED ENTRY--TOPICAL TERM | |
| Topical term or geographic name entry element | Presidents. |
| 650 #1 - SUBJECT ADDED ENTRY--TOPICAL TERM | |
| Topical term or geographic name entry element | Journalism. |
| 700 1# - ADDED ENTRY--PERSONAL NAME | |
| Personal name | Norris, Louanne, |
| Dates associated with a name | 1930- |
| 906 ## - LOCAL DATA ELEMENT F, LDF (RLIN) | |
| a | 7 |
| b | cbc |
| c | orignew |
| d | 1 |
| e | ocip |
| f | 19 |
| g | y-gencatlg |
| 942 ## - ADDED ENTRY ELEMENTS (KOHA) | |
| Source of classification or shelving scheme | |
| Koha item type | Book |
| Withdrawn status | Lost status | Damaged status | Not for loan | Collection code | Permanent Location | Current Location | Shelving location | Date acquired | Total Checkouts | Full call number | Barcode | Date last seen | Price effective from | Koha item type |
|---|---|---|---|---|---|---|---|---|---|---|---|---|---|---|
| Centre for International Peace & Stability (CIPS) | Centre for International Peace & Stability (CIPS) | General Stacks | 09/13/2013 | 070.44932 NEW 2006 | CIPS0000878 | 10/11/2013 | 10/11/2013 | Book |
